WWE Finishers - Statistics

General Stats
  • This quiz has been taken 170 times
  • The average score is 11 of 15
Answer Stats
Finisher Wrestler % Correct
Phenomenal Forearm AJ Styles
97%
Curb Stomp Seth Rollins
95%
Dirty Deeds Dean Ambrose
93%
Spear Roman Reigns
92%
Banks Statement Sasha Banks
86%
End of Days Baron Corbin
84%
Figure 8 Charlotte Flair
83%
Triple Powerbomb The SHIELD
79%
Kinshasa Shinsuke Nakamura
75%
Twist of Fate Matt Hardy
73%
Rampage Paige
63%
Kamura Lock Brock Lesnar
58%
Hell's Gate The Undertaker
54%
Magic Killer Gallows and Anderson
24%
Running Powerslam Brawn Strowman
9%
No matching quizzes found
Score Distribution
Percent of People with Each Score
Percentile by Number Answered
Your Score History
You have not taken this quiz